[Event "Moscow Sveshnikov Memorial Blitz"]
[Site "Moscow"]
[Date "2023.12.09"]
[Round "3"]
[White "Dragomarezkij, Evgeni"]
[Black "Sirotkina, Nina"]
[Result "1-0"]
[WhiteElo "2234"]
[BlackElo "2149"]
[PlyCount "57"]
[EventDate "2023.12.09"]
[EventType "tourn (blitz)"]
[EventRounds "11"]
[EventCountry "RUS"]
[EventCategory "1"]
[SourceTitle "CB50_2023"]
[SourceDate "2023.12.13"]
[SourceVersion "1"]
[SourceVersionDate "2023.12.13"]
[SourceQuality "1"]

1. c4 e6 2. d4 d5 3. Nc3 Be7 4. Nf3 Nf6 5. Bg5 0-0 6. Qc2 b6 7. Bxf6 Bxf6 8. e4 dxe4 9. Qxe4 c6 10. 0-0-0 Bb7 11. Bd3 g6 12. h4 Nd7 13. h5 Bg7 14. hxg6 hxg6 15. Qf4 Re8 16. Ng5 Qf6 17. Qh4 Nf8 18. Bc2 c5 19. Be4 Rab8 20. Bxb7 Rxb7 21. Nce4 Qe7 22. Qg3 Rd8 23. d5 exd5 24. cxd5 Qe5 25. Qxe5 Bxe5 26. Nf3 Bg7 27. Nc3 Nd7 28. Nb1 Nb8 29. Ng1 1-0

[Event "Moscow Sveshnikov Memorial Blitz"]
[Site "Moscow"]
[Date "2023.12.09"]
[Round "5"]
[White "Raetsky, Alexander"]
[Black "Sirotkina, Nina"]
[Result "0-1"]
[WhiteElo "2310"]
[BlackElo "2149"]
[PlyCount "66"]
[EventDate "2023.12.09"]
[EventType "tourn (blitz)"]
[EventRounds "11"]
[EventCountry "RUS"]
[EventCategory "1"]
[SourceTitle "CB50_2023"]
[SourceDate "2023.12.13"]
[SourceVersion "1"]
[SourceVersionDate "2023.12.13"]
[SourceQuality "1"]

1. e4 c5 2. Nf3 e6 3. b4 d5 4. e5 d4 5. bxc5 Bxc5 6. Bd3 Nc6 7. 0-0 Nge7 8. Re1 Ng6 9. Ba3 Qe7 10. Bxc5 Qxc5 11. Bxg6 hxg6 12. c3 Bd7 13. Qb3 Rb8 14. Na3 dxc3 15. dxc3 Na5 16. Qb4 Qxb4 17. cxb4 Nc6 18. Rab1 Ne7 19. Nc4 Nf5 20. b5 Rc8 21. Re4 Ke7 22. a4 Rc5 23. Rd1 Rhc8 24. Nfd2 Be8 25. f4 a6 26. bxa6 bxa6 27. a5 Bc6 28. Ree1 Bb5 29. Nb6 Rd8 30. Nf3 Rxd1 31. Rxd1 Rc2 32. Rd2 Rc1+ 33. Kf2 Rf1# 0-1

[Event "Moscow Sveshnikov Memorial Blitz"]
[Site "Moscow"]
[Date "2023.12.09"]
[Round "2"]
[White "Sirotkina, Nina"]
[Black "Bogumil, Tatiana"]
[Result "1/2-1/2"]
[WhiteElo "2149"]
[BlackElo "2090"]
[PlyCount "95"]
[EventDate "2023.12.09"]
[EventType "tourn (blitz)"]
[EventRounds "11"]
[EventCountry "RUS"]
[EventCategory "1"]
[SourceTitle "CB50_2023"]
[SourceDate "2023.12.13"]
[SourceVersion "1"]
[SourceVersionDate "2023.12.13"]
[SourceQuality "1"]

1. d4 Nf6 2. Bf4 d5 3. e3 Bf5 4. c4 c6 5. Nc3 e6 6. Qb3 Qb6 7. c5 Qxb3 8. axb3 Nbd7 9. b4 Ne4 10. Nxe4 Bxe4 11. f3 Bg6 12. b5 e5 13. Bg3 exd4 14. exd4 Be7 15. Nh3 0-0 16. Nf4 Bf6 17. Nxg6 hxg6 18. Bf2 Rfe8+ 19. Kd2 Bg5+ 20. Kc2 Be3 21. Bxe3 Rxe3 22. Bd3 cxb5 23. Kd2 Re7 24. Bxb5 a6 25. Bd3 Rc8 26. b4 Nb8 27. Rhe1 Kf8 28. Rxe7 Kxe7 29. b5 axb5 30. Ra7 Rc7 31. Bxb5 g5 32. Ba4 g6 33. Kd3 f5 34. Bb3 Rd7 35. Ra8 Nc6 36. Rh8 Kf6 37. Re8 Kf7 38. Ra8 Kf6 39. Ba4 Re7 40. Bxc6 bxc6 41. Rc8 Re6 42. g3 Kf7 43. Rc7+ Kf6 44. h3 g4 45. hxg4 fxg4 46. f4 g5 47. fxg5+ Kxg5 48. Rg7+ 1/2-1/2

[Event "Moscow Sveshnikov Memorial Blitz"]
[Site "Moscow"]
[Date "2023.12.09"]
[Round "4"]
[White "Sirotkina, Nina"]
[Black "Gleizerov, Evgeny"]
[Result "0-1"]
[WhiteElo "2149"]
[BlackElo "2378"]
[PlyCount "59"]
[EventDate "2023.12.09"]
[EventType "tourn (blitz)"]
[EventRounds "11"]
[EventCountry "RUS"]
[EventCategory "1"]
[SourceTitle "CB50_2023"]
[SourceDate "2023.12.13"]
[SourceVersion "1"]
[SourceVersionDate "2023.12.13"]
[SourceQuality "1"]

1. d4 e6 2. Bf4 f5 3. c4 Nf6 4. Nc3 Bb4 5. Qc2 0-0 6. e3 d6 7. 0-0-0 Bxc3 8. Qxc3 a6 9. f3 b5 10. c5 Nd5 11. Qd2 Nd7 12. cxd6 Nxf4 13. exf4 cxd6 14. Kb1 Bb7 15. Bd3 Nf6 16. Ne2 Qb6 17. Bc2 b4 18. Bb3 Bd5 19. Nc1 a5 20. Rhe1 Rfe8 21. Bxd5 Nxd5 22. Ka1 a4 23. Ne2 Rac8 24. Rc1 Qb5 25. Red1 h6 26. g4 Nb6 27. g5 h5 28. g6 Nc4 29. Qe1 Ne3 30. Qh4 0-1

[Event "RUS-chT Rapid (Women)"]
[Site "Sochi"]
[Date "2022.10.18"]
[Round "2.11"]
[White "Sirotkina, Nina"]
[Black "Bivol, Alina"]
[Result "0-1"]
[WhiteElo "2190"]
[BlackElo "2364"]
[PlyCount "164"]
[EventDate "2022.10.18"]
[EventType "team-swiss (rapid)"]
[EventRounds "9"]
[EventCountry "RUS"]
[SourceTitle "CBM 210 Extra"]
[Source "ChessBase"]
[SourceDate "2022.11.30"]
[SourceVersion "1"]
[SourceVersionDate "2022.11.30"]
[SourceQuality "1"]
[WhiteTeam "Veterany Rossiya (W)"]
[BlackTeam "Moscow ShSM (W)"]
[WhiteTeamCountry "RUS"]
[BlackTeamCountry "RUS"]

1. d4 e6 2. Bf4 b6 3. e3 Bb7 4. Nf3 d6 5. Be2 Nd7 6. 0-0 g6 7. c4 Bg7 8. Nc3 Ne7 9. h3 0-0 10. Bh2 e5 11. dxe5 Nxe5 12. Nxe5 dxe5 13. c5 Qc8 14. Bf3 Rd8 15. Bxb7 Qxb7 16. Qc2 h6 17. Rfd1 Qc6 18. cxb6 cxb6 19. Rxd8+ Rxd8 20. Rd1 Rd6 21. Rxd6 Qxd6 22. Ne4 Qb4 23. Qb1 Nd5 24. a3 Qc4 25. Bg3 f5 26. Nd2 Qe2 27. Nf1 Kh7 28. Qc1 f4 29. exf4 exf4 30. Bxf4 Bxb2 31. Qc6 Nxf4 32. Qc7+ Bg7 33. Qxf4 Qe7 34. a4 Be5 35. Qc4 Bd6 36. g3 Bc5 37. Kg2 Qb7+ 38. Kg1 Qf3 39. Qc2 h5 40. h4 a6 41. Qd2 Qc6 42. Qf4 Qd7 43. Nh2 Qd1+ 44. Kg2 Qd5+ 45. Nf3 b5 46. axb5 axb5 47. Kh2 Be7 48. Qc7 Qc5 49. Ng5+ Kh6 50. Nf7+ Kg7 51. Qf4 Qc4 52. Qxc4 bxc4 53. Ne5 c3 54. Kg2 c2 55. Nd3 Ba3 56. f3 c1Q 57. Nxc1 Bxc1 58. g4 hxg4 59. fxg4 Kh6 60. Kf3 Bd2 61. Ke4 Be1 62. h5 g5 63. Kf5 Bc3 64. Ke6 Kg7 65. Ke7 Bb4+ 66. Ke6 Bc5 67. Kf5 Be3 68. Ke6 Bd2 69. Ke7 Ba5 70. Ke6 Bb4 71. Kf5 Be7 72. Ke6 Kf8 73. Kf5 Kf7 74. Ke5 Bc5 75. Kf5 Be3 76. Ke5 Bd2 77. Kf5 Bf4 78. Ke4 Ke6 79. Kd4 Be5+ 80. Ke4 Bg7 81. Kf3 Ke5 82. Ke3 Bf8 0-1

[Event "RUS-chT Blitz (Women)"]
[Site "Sochi"]
[Date "2022.10.17"]
[Round "10.6"]
[White "Garifullina, Leya"]
[Black "Sirotkina, Nina"]
[Result "1-0"]
[WhiteElo "2367"]
[BlackElo "2190"]
[PlyCount "81"]
[EventDate "2022.10.17"]
[EventType "team-swiss (blitz)"]
[EventRounds "11"]
[EventCountry "RUS"]
[SourceTitle "CBM 210 Extra"]
[Source "ChessBase"]
[SourceDate "2022.11.30"]
[SourceVersion "1"]
[SourceVersionDate "2022.11.30"]
[SourceQuality "1"]
[WhiteTeam "Yugra (W)"]
[BlackTeam "Veterany Rossiya (W)"]
[WhiteTeamCountry "RUS"]
[BlackTeamCountry "RUS"]

1. e4 d5 2. exd5 Qxd5 3. Nc3 Qd6 4. d4 Nf6 5. Nf3 Bg4 6. Be2 c6 7. 0-0 e6 8. Na4 Be7 9. c4 0-0 10. Be3 Qc7 11. Nc3 Nbd7 12. h3 Bh5 13. Qb3 Rfd8 14. Rad1 h6 15. Qc2 Bg6 16. Qc1 Rac8 17. a3 b6 18. b4 e5 19. dxe5 Nxe5 20. Bf4 Nxf3+ 21. Bxf3 Qb7 22. Rfe1 Rxd1 23. Qxd1 Rd8 24. Qc1 Bf8 25. b5 Qc8 26. Bxc6 Qf5 27. Bg3 Qc5 28. Nd5 Nxd5 29. Bxd5 Qxa3 30. Qxa3 Bxa3 31. Ra1 Bc5 32. Rxa7 Re8 33. Kh2 Re2 34. Rb7 Rc2 35. Bc7 Bxf2 36. Bxb6 Be1 37. Re7 Bc3 38. Bc7 Kh7 39. Rd7 Ba1 40. b6 Rb2 41. b7 1-0

[Event "RUS-ch Rapid (Women)"]
[Site "Sochi"]
[Date "2022.10.16"]
[Round "8"]
[White "Gritsayeva, Oksana"]
[Black "Sirotkina, Nina"]
[Result "1-0"]
[WhiteElo "2292"]
[BlackElo "2190"]
[PlyCount "91"]
[EventDate "2022.10.15"]
[EventType "swiss (rapid)"]
[EventRounds "11"]
[EventCountry "RUS"]
[SourceTitle "CBM 210 Extra"]
[Source "ChessBase"]
[SourceDate "2022.11.30"]
[SourceVersion "1"]
[SourceVersionDate "2022.11.30"]
[SourceQuality "1"]

1. e4 d5 2. exd5 Qxd5 3. Nc3 Qe5+ 4. Be2 Bg4 5. d4 Bxe2 6. Ngxe2 Qa5 7. Qd3 Nf6 8. 0-0 e6 9. Bd2 c6 10. Ne4 Qd8 11. Nxf6+ Qxf6 12. Qg3 Nd7 13. c4 Qg6 14. Qb3 b6 15. Bf4 Be7 16. Qa4 Qe4 17. Rfe1 0-0 18. f3 Qf5 19. Qxc6 Nf6 20. Qa4 Rfd8 21. Rac1 Ne8 22. Qc2 Qxc2 23. Rxc2 Bf6 24. Be3 Nd6 25. g4 h6 26. Rec1 e5 27. d5 e4 28. f4 Nb7 29. a4 Be7 30. Nd4 Bc5 31. b4 Bxb4 32. Nc6 Ba3 33. Ra1 Bc5 34. Bxc5 Nxc5 35. Nxd8 Rxd8 36. Ra3 g6 37. Kf2 f5 38. gxf5 gxf5 39. a5 Kf7 40. axb6 axb6 41. Rh3 Kg6 42. Ke3 Ra8 43. Kd4 Nd7 44. Rg2+ Kh7 45. Rhg3 Kh8 46. Rg6 1-0

[Event "St Petersburg-ch Seniors Blitz (Women)"]
[Site "St Petersburg"]
[Date "2022.10.05"]
[Round "4"]
[White "Bogumil, Tatiana"]
[Black "Sirotkina, Nina"]
[Result "1-0"]
[WhiteElo "2082"]
[BlackElo "2090"]
[PlyCount "108"]
[EventDate "2022.10.05"]
[EventType "swiss (blitz)"]
[EventRounds "11"]
[EventCountry "RUS"]
[SourceTitle "CBM 210 Extra"]
[Source "ChessBase"]
[SourceDate "2022.11.30"]
[SourceVersion "1"]
[SourceVersionDate "2022.11.30"]
[SourceQuality "1"]

1. Nf3 d5 2. c4 c6 3. b3 Bf5 4. Bb2 e6 5. g3 Nf6 6. Bg2 h6 7. 0-0 Be7 8. d3 0-0 9. Nbd2 Nbd7 10. h3 a5 11. a3 Bh7 12. Kh2 Re8 13. d4 Ne4 14. Nxe4 Bxe4 15. Ne5 Bxg2 16. Kxg2 Nxe5 17. dxe5 Qb6 18. Qc2 Red8 19. Rad1 Rd7 20. cxd5 cxd5 21. Bd4 Qd8 22. a4 Rc8 23. Qd2 Bb4 24. Qd3 Qe7 25. Rc1 Rdc7 26. Rxc7 Qxc7 27. e3 Qc2 28. Qxc2 Rxc2 29. Rb1 Kh7 30. g4 h5 31. gxh5 Kh6 32. Kf3 Kxh5 33. Rg1 g6 34. Rb1 Be7 35. Rb2 Rc1 36. Bb6 Bb4 37. Kg2 Kg5 38. Bd8+ Kf5 39. Bc7 Bc3 40. Re2 Bxe5 41. Bxa5 Rb1 42. b4 Bc3 43. Rc2 Bxb4 44. Bc7 Be7 45. f3 Rb4 46. a5 Rc4 47. e4+ Kf6 48. Rxc4 dxc4 49. Kf2 Bc5+ 50. Ke2 Bd4 51. f4 g5 52. Kf3 gxf4 53. Bxf4 Bc3 54. Bc7 Bb2 1-0

[Event "St Petersburg-ch Seniors Blitz (Women)"]
[Site "St Petersburg"]
[Date "2022.10.05"]
[Round "3"]
[White "Fatalibekova, Elena"]
[Black "Sirotkina, Nina"]
[Result "0-1"]
[WhiteElo "2040"]
[BlackElo "2090"]
[PlyCount "128"]
[EventDate "2022.10.05"]
[EventType "swiss (blitz)"]
[EventRounds "11"]
[EventCountry "RUS"]
[SourceTitle "CBM 210 Extra"]
[Source "ChessBase"]
[SourceDate "2022.11.30"]
[SourceVersion "1"]
[SourceVersionDate "2022.11.30"]
[SourceQuality "1"]

1. d4 d5 2. Nf3 Nf6 3. c4 e6 4. Nc3 Be7 5. Bg5 h6 6. Bh4 0-0 7. e3 b6 8. Bd3 dxc4 9. Bxc4 Bb7 10. 0-0 Nbd7 11. Qe2 Nd5 12. Bxe7 Qxe7 13. Nxd5 exd5 14. Ba6 Bxa6 15. Qxa6 c5 16. dxc5 bxc5 17. Rac1 Nb6 18. Rfd1 Rac8 19. b3 Rc7 20. a4 Qe6 21. Nd4 Qc8 22. Qxc8 Rfxc8 23. Nf5 Rd7 24. a5 Na8 25. e4 d4 26. Nxd4 Rcd8 27. Rxc5 Rxd4 28. Rxd4 Rxd4 29. f3 Rd8 30. Kf2 Kf8 31. Ke3 Ke7 32. b4 Rb8 33. b5 Kd6 34. Rc6+ Kd7 35. Rc5 Nc7 36. Rf5 f6 37. b6 axb6 38. axb6 Rxb6 39. h4 Ne6 40. Ra5 Rb3+ 41. Kf2 Rb2+ 42. Kg3 Kd6 43. h5 Rb7 44. Kg4 Nc7 45. Kf4 Rb5 46. Ra7 Rxh5 47. g4 Rc5 48. Rb7 Ne6+ 49. Kg3 Rc3 50. Rb6+ Kd7 51. Rb7+ Kc6 52. Re7 Kd6 53. Rb7 Rc7 54. Rb6+ Ke7 55. Rb5 Kf7 56. e5 fxe5 57. Rxe5 Kf6 58. Rf5+ Ke7 59. Ra5 Rc3 60. Rb5 Kf6 61. Rb6 Kf7 62. Rb7+ Kg8 63. Rb8+ Kh7 64. Rb5 Rxf3+ 0-1

[Event "St Petersburg-ch Seniors Blitz (Women)"]
[Site "St Petersburg"]
[Date "2022.10.05"]
[Round "1"]
[White "Kuznetsova, Luba"]
[Black "Sirotkina, Nina"]
[Result "0-1"]
[WhiteElo "1835"]
[BlackElo "2090"]
[PlyCount "42"]
[EventDate "2022.10.05"]
[EventType "swiss (blitz)"]
[EventRounds "11"]
[EventCountry "RUS"]
[SourceTitle "CBM 210 Extra"]
[Source "ChessBase"]
[SourceDate "2022.11.30"]
[SourceVersion "1"]
[SourceVersionDate "2022.11.30"]
[SourceQuality "1"]

1. Nf3 d5 2. b3 c6 3. Bb2 Bf5 4. e3 e6 5. c4 Nf6 6. Nc3 h6 7. d4 Nbd7 8. cxd5 exd5 9. Bd3 Ne4 10. 0-0 Bd6 11. h3 0-0 12. Qc2 Re8 13. Nd2 Qe7 14. Ncxe4 dxe4 15. Be2 Nf6 16. Nc4 Bc7 17. a4 Nd5 18. Ba3 Qg5 19. Kh1 Rad8 20. Rg1 Qh4 21. Ne5 Bxh3 0-1

[Event "St Petersburg-ch Seniors (Women)"]
[Site "St Petersburg"]
[Date "2022.09.29"]
[Round "6"]
[White "Bogumil, Tatiana"]
[Black "Sirotkina, Nina"]
[Result "1-0"]
[WhiteElo "2182"]
[BlackElo "2190"]
[PlyCount "85"]
[EventDate "2022.09.24"]
[EventType "swiss"]
[EventRounds "9"]
[EventCountry "RUS"]
[SourceTitle "CBM 210 Extra"]
[Source "ChessBase"]
[SourceDate "2022.11.30"]
[SourceVersion "1"]
[SourceVersionDate "2022.11.30"]
[SourceQuality "1"]

1. Nf3 d5 2. g3 c6 3. Bg2 Bf5 4. b3 e6 5. Bb2 Nf6 6. d3 h6 7. Nbd2 Be7 8. 0-0 0-0 9. c4 Nbd7 10. Qc2 Bh7 11. a3 a5 12. Rad1 Re8 13. Qc1 Bf8 14. Qa1 Qe7 15. Ne5 Nxe5 16. Bxe5 Nd7 17. Bb2 b5 18. a4 bxc4 19. bxc4 Nc5 20. d4 Na6 21. e4 Nb4 22. Bc3 Qd7 23. c5 dxe4 24. Bxb4 axb4 25. Nc4 Qc7 26. Nb6 Rad8 27. Qb2 e5 28. Qxb4 exd4 29. Rxd4 Rxd4 30. Qxd4 Rd8 31. Qc4 Qe5 32. Rc1 e3 33. fxe3 Qxe3+ 34. Kh1 Rd4 35. Qf1 Rd2 36. Nc4 Qd4 37. Nxd2 Qxd2 38. Bxc6 Bd3 39. Qe1 Qg5 40. Rc3 Qf5 41. Bg2 h5 42. c6 Ba6 43. Re3 1-0

[Event "St Petersburg-ch Seniors (Women)"]
[Site "St Petersburg"]
[Date "2022.09.28"]
[Round "5"]
[White "Sirotkina, Nina"]
[Black "Khropova, Larisa"]
[Result "1-0"]
[WhiteElo "2190"]
[BlackElo "2031"]
[PlyCount "81"]
[EventDate "2022.09.24"]
[EventType "swiss"]
[EventRounds "9"]
[EventCountry "RUS"]
[SourceTitle "CBM 210 Extra"]
[Source "ChessBase"]
[SourceDate "2022.11.30"]
[SourceVersion "1"]
[SourceVersionDate "2022.11.30"]
[SourceQuality "1"]

1. d4 d5 2. Bf4 c5 3. e3 cxd4 4. exd4 Nf6 5. c3 Nc6 6. Bd3 Bg4 7. Qb3 Na5 8. Qa4+ Bd7 9. Qc2 Rc8 10. Nf3 Nc6 11. Qb3 Na5 12. Qd1 Qb6 13. Qe2 Bg4 14. b3 e6 15. 0-0 a6 16. Qe3 Bxf3 17. Qxf3 Be7 18. Nd2 0-0 19. Rac1 Nc6 20. Rfe1 Qd8 21. Qh3 Re8 22. Bg5 g6 23. Bh6 Nh5 24. Qe3 Ng7 25. g4 Bf8 26. Nf3 Be7 27. Kg2 Qd7 28. h4 Bf8 29. Qf4 Qd6 30. Ne5 Nxe5 31. dxe5 Qd7 32. Rh1 Qc7 33. h5 b5 34. Bg5 Red8 35. hxg6 fxg6 36. Bxd8 Qxd8 37. Rh3 Rc7 38. Rch1 Rf7 39. Qe3 Ne8 40. Bxg6 Rg7 41. Bxh7+ 1-0

[Event "St Petersburg-ch Seniors (Women)"]
[Site "St Petersburg"]
[Date "2022.09.26"]
[Round "3"]
[White "Sirotkina, Nina"]
[Black "Ovsiannikova, Tatiana"]
[Result "1/2-1/2"]
[WhiteElo "2190"]
[BlackElo "2009"]
[PlyCount "102"]
[EventDate "2022.09.24"]
[EventType "swiss"]
[EventRounds "9"]
[EventCountry "RUS"]
[SourceTitle "CBM 210 Extra"]
[Source "ChessBase"]
[SourceDate "2022.11.30"]
[SourceVersion "1"]
[SourceVersionDate "2022.11.30"]
[SourceQuality "1"]

1. d4 Nf6 2. Nf3 g6 3. Bf4 Bg7 4. e3 0-0 5. Be2 d5 6. h3 b6 7. 0-0 Ba6 8. Nbd2 c5 9. Bxa6 Nxa6 10. c3 Nc7 11. Qe2 a6 12. a4 Ne6 13. Bh2 c4 14. Ne5 b5 15. e4 dxe4 16. Nxe4 Qd5 17. Nxf6+ exf6 18. Nf3 Rfe8 19. Qc2 Bh6 20. Rfe1 Bf4 21. Qe4 Bxh2+ 22. Nxh2 Qxe4 23. Rxe4 f5 24. Re5 bxa4 25. Rxa4 Reb8 26. Ra2 Nf4 27. Rc5 Nd3 28. Rxc4 Nxb2 29. Rc6 Nd3 30. Nf3 Rb1+ 31. Kh2 a5 32. d5 Rd8 33. Rxa5 Nxf2 34. Ra2 Rh1+ 35. Kg3 Ne4+ 36. Kf4 Rxd5 37. Rc8+ Kg7 38. c4 Rc5 39. Rxc5 Nxc5 40. Ke5 Rc1 41. Kd5 Ne6 42. Rd2 Kf6 43. Nd4 Nc7+ 44. Kc5 g5 45. Ne2 Ne6+ 46. Kd5 Nc7+ 47. Kc5 Ne6+ 48. Kd5 Nc7+ 49. Kc5 Ne6+ 50. Kb5 Nc7+ 51. Kb4 Rb1+ 1/2-1/2

[Event "WchT Seniors 50"]
[Site "Prague"]
[Date "2020.03.12"]
[Round "7.2"]
[White "Sirotkina, Nina"]
[Black "Hosticka, Frantisek"]
[Result "1/2-1/2"]
[WhiteElo "2183"]
[BlackElo "2096"]
[PlyCount "82"]
[EventDate "2020.03.06"]
[EventType "team-swiss"]
[EventRounds "7"]
[EventCountry "CZE"]
[SourceTitle "CBM 195 Extra"]
[Source "ChessBase"]
[SourceDate "2020.05.31"]
[SourceVersion "1"]
[SourceVersionDate "2020.05.31"]
[SourceQuality "1"]
[WhiteTeam "Russia 50 (W)"]
[BlackTeam "Czech Republic 50 VI"]
[WhiteTeamCountry "RUS"]
[BlackTeamCountry "CZE"]

1. d4 d6 2. Bf4 Bg4 3. h3 Bh5 4. Nd2 Nf6 5. Ngf3 e6 6. e3 Be7 7. Be2 0-0 8. 0-0 Nbd7 9. c3 Nb6 10. a4 a5 11. Re1 Re8 12. e4 d5 13. e5 Nfd7 14. Nb3 Nc4 15. Ra2 Bg6 16. Nc1 c5 17. Nd3 cxd4 18. cxd4 Rc8 19. b3 Ncb6 20. Bd2 Na8 21. Nf4 Nb8 22. Nxg6 hxg6 23. Bb5 Nc6 24. Qb1 Rf8 25. Rc2 Qb6 26. Qb2 Nc7 27. Bxc6 bxc6 28. Qc3 Na8 29. Qxa5 Qxb3 30. Rcc1 Qb6 31. Qc3 c5 32. a5 Qa6 33. Rb1 cxd4 34. Qxd4 Rc4 35. Qb2 Bc5 36. Rbc1 Qa7 37. Rf1 Rb8 38. Qa1 Re4 39. Qc3 Rc4 40. Qa1 Re4 41. Qc3 Rc4 1/2-1/2

[Event "WchT Seniors 50"]
[Site "Prague"]
[Date "2020.03.11"]
[Round "6.2"]
[White "Schulz, Klaus Juergen"]
[Black "Sirotkina, Nina"]
[Result "1/2-1/2"]
[WhiteElo "2331"]
[BlackElo "2183"]
[PlyCount "83"]
[EventDate "2020.03.06"]
[EventType "team-swiss"]
[EventRounds "7"]
[EventCountry "CZE"]
[SourceTitle "CBM 195 Extra"]
[Source "ChessBase"]
[SourceDate "2020.05.31"]
[SourceVersion "1"]
[SourceVersionDate "2020.05.31"]
[SourceQuality "1"]
[WhiteTeam "Germany 50 II"]
[BlackTeam "Russia 50 (W)"]
[WhiteTeamCountry "GER"]
[BlackTeamCountry "RUS"]

1. e4 c5 2. Nf3 e6 3. d3 Nc6 4. g3 d6 5. Bg2 Nf6 6. 0-0 Be7 7. Re1 0-0 8. c3 e5 9. Nbd2 Re8 10. a4 Bf8 11. Nc4 b6 12. Ne3 g6 13. Nd2 Bh6 14. Ndc4 Rb8 15. Qf3 Bg7 16. h3 a6 17. Ng4 Nxg4 18. hxg4 f6 19. Ne3 Rf8 20. Qe2 Be6 21. Nd5 Ne7 22. Be3 Nxd5 23. exd5 Bd7 24. d4 a5 25. dxe5 fxe5 26. Be4 Bf6 27. f3 Bg5 28. c4 Bxe3+ 29. Qxe3 Qf6 30. Kg2 Rf7 31. Rh1 Rbf8 32. Rh6 Rg7 33. b3 Be8 34. Rah1 Qe7 35. R1h4 Bd7 36. Qc1 Be8 37. Qe3 Bd7 38. Rh1 Be8 39. R6h4 Qf6 40. g5 Qe7 41. Re1 Bd7 42. Bd3 1/2-1/2

[Event "WchT Seniors 50"]
[Site "Prague"]
[Date "2020.03.06"]
[Round "1.16"]
[White "Sirotkina, Nina"]
[Black "Bretsnajdr, Vladimir"]
[Result "1-0"]
[WhiteElo "2183"]
[BlackElo "2230"]
[PlyCount "93"]
[EventDate "2020.03.06"]
[EventType "team-swiss"]
[EventRounds "7"]
[EventCountry "CZE"]
[SourceTitle "CBM 195 Extra"]
[Source "ChessBase"]
[SourceDate "2020.05.31"]
[SourceVersion "1"]
[SourceVersionDate "2020.05.31"]
[SourceQuality "1"]
[WhiteTeam "Russia 50 (W)"]
[BlackTeam "Czech Republic 50 XIII"]
[WhiteTeamCountry "RUS"]
[BlackTeamCountry "CZE"]

1. d4 Nf6 2. Bf4 g6 3. e3 Bg7 4. Nf3 0-0 5. Be2 d6 6. h3 Nbd7 7. 0-0 c5 8. c3 b6 9. Nbd2 Bb7 10. Bh2 a6 11. a4 Qc7 12. Bd3 Rfe8 13. e4 e5 14. Re1 Nh5 15. Rc1 Bh6 16. Qb3 Nf4 17. Bf1 d5 18. exd5 Bxd5 19. Bc4 Bxc4 20. Qxc4 Qc6 21. Bxf4 Bxf4 22. d5 Qb7 23. Rcd1 b5 24. Qb3 Qb6 25. Ne4 f5 26. Neg5 e4 27. d6+ c4 28. Qc2 exf3 29. Ne6 Bh6 30. g4 fxg4 31. Qe4 Nf6 32. Qe5 Bg7 33. d7 Rxe6 34. Qxe6+ Qxe6 35. Rxe6 Rd8 36. Rxa6 Rxd7 37. Rxd7 Nxd7 38. axb5 Kf7 39. hxg4 Be5 40. Rc6 Ke7 41. Rxc4 Nb6 42. Rc5 Bd6 43. Rc6 Na4 44. b3 Nc5 45. b4 Na4 46. c4 Bxb4 47. b6 1-0

[Event "Wch Seniors 50 (Women) 29th"]
[Site "Bucharest"]
[Date "2019.11.21"]
[Round "9"]
[White "Sirotkina, Nina"]
[Black "Bogumil, Tatiana"]
[Result "1/2-1/2"]
[WhiteElo "2198"]
[BlackElo "2150"]
[PlyCount "36"]
[EventDate "2019.11.12"]
[EventType "swiss"]
[EventRounds "11"]
[EventCountry "ROU"]
[SourceTitle "CBM 193 Extra"]
[Source "ChessBase"]
[SourceDate "2020.01.31"]
[SourceVersion "1"]
[SourceVersionDate "2020.01.31"]
[SourceQuality "1"]

1. d4 Nf6 2. Nf3 c5 3. d5 d6 4. Nc3 g6 5. e4 Bg7 6. Be2 0-0 7. 0-0 Na6 8. Nd2 Nc7 9. a4 b6 10. Nc4 Rb8 11. f4 Nd7 12. Re1 Ba6 13. Na3 Bxe2 14. Qxe2 Qc8 15. Be3 Nf6 16. h3 e6 17. Qd3 exd5 18. exd5 Qd7 1/2-1/2

[Event "Wch Blitz (Women)"]
[Site "St Petersburg"]
[Date "2018.12.30"]
[Round "13"]
[White "Sirotkina, Nina"]
[Black "Batsiashvili, Nino"]
[Result "0-1"]
[WhiteElo "2188"]
[BlackElo "2459"]
[PlyCount "114"]
[EventDate "2018.12.29"]
[EventType "swiss (blitz)"]
[EventRounds "17"]
[EventCountry "RUS"]
[SourceTitle "CBM 187 Extra"]
[Source "ChessBase"]
[SourceDate "2018.11.04"]
[SourceVersion "1"]
[SourceVersionDate "2018.11.04"]
[SourceQuality "1"]

1. d4 Nf6 2. Bf4 d5 3. e3 e6 4. Nf3 Bd6 5. Bg3 0-0 6. c4 c6 7. Nc3 b6 8. Bh4 Be7 9. Bd3 Bb7 10. 0-0 Nbd7 11. Re1 h6 12. e4 Nxe4 13. Bxe7 Nxc3 14. bxc3 Qxe7 15. Ne5 Nxe5 16. Rxe5 dxc4 17. Bxc4 Rac8 18. Qe2 Qf6 19. a4 c5 20. dxc5 Rxc5 21. Rxc5 bxc5 22. Qe3 Rd8 23. f3 Qg5 24. Qxg5 hxg5 25. Rb1 Bc6 26. Bb5 Bd5 27. Bf1 Kf8 28. Rb5 Rc8 29. a5 Ke7 30. Kf2 Kd6 31. Ke3 f6 32. Rb2 c4 33. Kd4 e5+ 34. Ke3 Rc5 35. Be2 Rxa5 36. Rb8 Rc5 37. Rf8 Rc7 38. Rh8 Re7 39. h4 gxh4 40. Rxh4 Rc7 41. Rh7 a5 42. Rh8 Ra7 43. Rc8 a4 44. Rd8+ Ke6 45. f4 exf4+ 46. Kxf4 g6 47. Bg4+ f5 48. Bf3 Bxf3 49. gxf3 a3 50. Rd1 a2 51. Ra1 Kf6 52. Ke3 Ke5 53. f4+ Kd5 54. Kf3 Ra3 55. Kf2 Ke4 56. Ke2 Kxf4 57. Kd2 Ke5 0-1

[Event "Wch Blitz (Women)"]
[Site "St Petersburg"]
[Date "2018.12.29"]
[Round "1"]
[White "Sirotkina, Nina"]
[Black "Girya, Olga"]
[Result "1/2-1/2"]
[WhiteElo "2188"]
[BlackElo "2454"]
[PlyCount "136"]
[EventDate "2018.12.29"]
[EventType "swiss (blitz)"]
[EventRounds "17"]
[EventCountry "RUS"]
[SourceTitle "CBM 187 Extra"]
[Source "ChessBase"]
[SourceDate "2018.11.04"]
[SourceVersion "1"]
[SourceVersionDate "2018.11.04"]
[SourceQuality "1"]

1. d4 d5 2. Bf4 c5 3. e3 cxd4 4. exd4 Nc6 5. c3 Bf5 6. Qb3 Qd7 7. Nf3 f6 8. Nbd2 e6 9. h3 g5 10. Bg3 h5 11. Be2 Nge7 12. 0-0 Ng6 13. c4 Nge7 14. cxd5 Nxd5 15. Bb5 a6 16. Bc4 b5 17. Bxd5 Qxd5 18. Qe3 Kf7 19. Rac1 Be7 20. Nb3 Rac8 21. Nc5 a5 22. Rfe1 Nb4 23. Red1 Qd8 24. a3 Nd5 25. Qe1 Qb6 26. Ne4 h4 27. Bh2 Qa6 28. Nexg5+ fxg5 29. Ne5+ Kg7 30. Nf3 Rxc1 31. Rxc1 Rc8 32. Be5+ Kg6 33. Rd1 Qc6 34. Qxa5 Qc2 35. Re1 Qxb2 36. Qa7 Rc1 37. Rxc1 Qxc1+ 38. Kh2 Qc2 39. Kg1 Qd1+ 40. Kh2 Qe2 41. Nxg5 Kxg5 42. Qb8 Qxf2 43. Qg8+ Bg6 44. Qxe6 Qf5 45. Qxd5 Bf6 46. Qd6 Bxe5+ 47. dxe5 Qf4+ 48. Kg1 Qe3+ 49. Kh2 Qf4+ 50. Kg1 Qf7 51. Qd2+ Kh5 52. Qe2+ Kh6 53. Qxb5 Be4 54. Qe2 Qg6 55. Qe3+ Kg7 56. Qe2 Bd5 57. a4 Qb1+ 58. Kh2 Qg6 59. a5 Kf7 60. a6 Qb6 61. Qh5+ Kf8 62. Qh8+ Kf7 63. Qh7+ Kf8 64. Qh8+ Kf7 65. Qf6+ Qxf6 66. exf6 Kxf6 67. g3 hxg3+ 68. Kxg3 Kf5 1/2-1/2